|
|
|
|
| LEADER |
00000nam0a2200000 4500 |
| 001 |
111275 |
| 005 |
20231031120808.0 |
| 010 |
|
|
|a 978 5279026098
|
| 035 |
|
|
|a (RuTPU)RU\TPU\book\120173
|
| 035 |
|
|
|a RU\TPU\book\52935
|
| 090 |
|
|
|a 111275
|
| 100 |
|
|
|a 20030417d2007 m y0rusy50 ca
|
| 101 |
0 |
|
|a rus
|
| 102 |
|
|
|a RU
|
| 105 |
|
|
|a y j 000zy
|
| 200 |
1 |
|
|a Банковское дело
|e учебник
|f Под ред. Г. Н. Белоглазовой, Л. П. Кроливецкой
|
| 205 |
|
|
|a 5-е изд., доп. и перераб.
|
| 210 |
|
|
|a Москва
|c Финансы и статистика
|d 2007
|
| 215 |
|
|
|a 592 с.
|
| 330 |
|
|
|a Учебник написан преподавателями Санкт-Петербургского государственного университета экономики и финансов в соответствии с требованиями Государственного образовательного стандарта по специальности «Финансы и кредит». Дается характеристика современной кредитной системы. Раскрываются принципы деятельности и функции ЦБ РФ и коммерческих банков, организация безналичных расчетов, планирование и регулирование банковских ресурсов, кредитно-расчетное обслуживание внешнеэкономической деятельности, трастовые операции, коммерческие расчеты в банках. Анализируются взаимоотношения коммерческих банков с Центральным банком Российской Федерации (4-е изд. - 1998 г.). Для студентов экономических вузов, преподавателей, работников банков, финансово-промышленных компаний, предпринимателей.
|
| 333 |
|
|
|a Исключено из фонда НТБ ТПУ
|
| 451 |
|
1 |
|0 (RuTPU)RU\TPU\book\166796
|y 978-5-91180-733-7
|t Банковское дело
|f под ред. Г. Н. Белоглазовой, Л. П. Кроливецкой
|e 2-е изд.
|c Спб.
|c М.
|c Нижний Новгород
|c Воронеж
|c Ростов-на-Дону
|c Екатеринбург
|c Самара
|c Новосибирск
|c Киев
|c Харьков
|c Минск
|n Питер
|d 2009
|p 400 с.
|
| 451 |
|
1 |
|0 (RuTPU)RU\TPU\book\63773
|y 5-94723-083-6
|t Банковское дело
|o учебное пособие для вузов
|f Под ред. Г. Н. Белоглазовой; Под ред. Л. П. Кроливецкой
|c СПб.
|n Питер
|d 2004
|p 374 с.
|s Учебник для вузов
|
| 686 |
|
|
|a У9(2)262.10я73
|v LBC/SL-A
|2 rubbk
|
| 702 |
|
1 |
|a Белоглазова
|b Г. Н.
|4 340
|
| 702 |
|
1 |
|a Кроливецкая
|b Л. П.
|4 340
|
| 801 |
|
1 |
|a RU
|b 63413507
|c 20070313
|g PSBO
|
| 801 |
|
2 |
|a RU
|b 63413507
|c 20210601
|g PSBO
|
| 942 |
|
|
|c BK
|
| 959 |
|
|
|a 24/20070227
|d 2
|e 246,10
|f АНЛ:1
|f ЧЗГЛ:1
|